000 00655nam a2200241Ia 4500
003 OSt
005 20220928124107.0
006 a|||||r|||| 00| 0
007 ta
008 220927b |||||||| |||| 00| 0 eng d
024 _a77017
037 _cTextual
040 _aSDCL
_cSDCL
_beng
041 _2eng
_aeng
082 _aD65,4;92, P6
100 _aKildal Per-Simon
_9463333
245 0 _aFoundations of antennas
_b A unified approach .
260 _aNew Delhi
_bOverseas Press
_c2006
300 _axv,395p
_ccm.
650 _aAntenna
_9427446
942 _hD65,4;92, P6
_cTEXL
_2CC
999 _c776254
_d776254